Top 10 Countries that the Most Production Orange - Statistics

General Stats
  • This quiz has been taken 21 times
  • The average score is 9 of 10
Answer Stats
Hint Answer % Correct
15.400.000 ton (America) Brazil
100%
3.000.000 ton (America) United States
100%
14.600.000 ton (Asia) China
95%
6.500.000 ton (Asia) India
95%
4.300.000 ton (America) Mexico
95%
2.500.000 ton (Europe) Spain
89%
1.600.000 ton (Europe) Italy
79%
1.700.000 ton (Asia) Turkey
79%
3.400.000 ton (Africa) Egypt
74%
1.500.000 ton (Asia) Iran
74%
No matching quizzes found
Score Distribution
Percent of People with Each Score
Percentile by Number Answered
Your Score History
You have not taken this quiz